000
00270nam a22001097a 4500
008
170105b xxu||||| |||| 00| 0 eng d
020
_a
9780838517796
041
_a
eng
080
_2
7TH
_a
618.2
245
_a
DRUGS AND NURSING IMPLICATIONS
_c
GOVANI & HAYES
942
_2
udc
_c
BK
999
_c
2559
_d
2559